{"text_format":"3","workbook":"xls","n_sheets":3,"sheets":["待处置低值资产2025.6.23","Sheet2","Sheet3"],"not_rendered":{"external_links":1,"defined_names":1},"read":"whole","date_system":"1900","formulas":"cached_only"}

{"sheet":"待处置低值资产2025.6.23","index":0,"n_rows":334,"n_cols":7,"rows_kept":334,"merged":[[0,0,0,6]],"flags":["formulas_cached_only"]}
["待处置低值资产明细"]
["序号","名称","单位","单价","数量","账面原值（元）","备注"]
[1,"ABS病历夹","个",29.8,66,1966.8]
[2,"DVD(功放机）","个",600,1,600]
[3,"吧台椅","把",100,1,100]
[4,"办公椅","把",430,4,1720]
[5,"办公椅","把",990,10,9900]
[6,"办公桌","张",950,3,2850]
[7,"办公桌 （红）","张",500,2,1000]
[8,"办公桌（红）","张",300,1,300]
[9,"办公桌","张",500,1,500]
[10,"磅秤","台",220,1,220]
[11,"臂式电子血压计","台",700,1,700]
[12,"冰箱","台",317,6,1902]
[13,"冰箱","台",530,2,1060]
[14,"冰箱 ","台",600,1,600]
[15,"冰箱（容声）","台",800,1,800]
[16,"病历车子","辆",950,1,950]
[17,"病历夹","个",20,29,580]
[18,"病历夹","个",29.8,73,2175.4]
[19,"病历夹子","个",30,50,1500]
[20,"不锈钢单列病历夹车","辆",1501,1,1501]
[21,"不锈钢方盘","个",120,6,720]
[22,"不锈钢换药车","辆",1380,1,1380]
[23,"不锈钢刻度杯","个",70.2,2,140.4]
[24,"不锈钢刻度杯","个",72,20,1440]
[25,"不锈钢镊子筒","个",60,1,60]
[26,"不锈钢手术器械台（治疗车）","辆",1200,2,2400]
[27,"不锈钢手术升降凳","个",458,24,10992]
[28,"布椅","把",110,3,330]
[29,"茶吧机","台",200,2,400]
[30,"茶几","个",90,1,90]
[31,"茶几","个",240,1,240]
[32,"茶几","个",700,2,1400]
[33,"茶几","个",807,1,807]
[34,"茶几(100元）","个",100,1,100]
[35,"超声雾化器","个",380,1,380]
[36,"超声雾化器","个",780,1,780]
[37,"充电灯","个",60,1,60]
[38,"充电适配器","个",500,1,500]
[39,"橱子","个",500,10,5000]
[40,"床垫","个",80,1,80]
[41,"床垫","个",111.6,1,111.6]
[42,"床头柜","个",100,2,200]
[43,"打印机","台",500,1,500]
[44,"打印机","台",790,1,790]
[45,"单人沙发","个",80,8,640]
[46,"单人沙发","个",300,2,600]
[47,"档案橱","个",435,11,4785]
[48,"档案橱","个",440,1,440]
[49,"档案橱（D3)","个",600,1,600]
[50,"档案橱（上下分体）","个",350,2,700]
[51,"档案橱（铁皮橱0","个",350,1,350]
[52,"等候椅（4 座）","组",1200,1,1200]
[53,"等候椅4座（玻璃钢椅）","组",1200,1,1200]
[54,"等候椅5座","组",1500,1,1500]
[55,"地排车","辆",700,1,700]
[56,"电波钟","块",149,1,149]
[57,"电动订书机","个",298,1,298]
[58,"电动流产吸引器","个",1380,2,2760]
[59,"电动喷雾器","个",200,3,600]
[60,"电动吸引器","个",1160,1,1160]
[61,"电风扇","个",100,1,100]
[62,"电话机","个",13.8,1,13.8]
[63,"电话机","个",30.5,1,30.5]
[64,"电话机","个",40,79,3160]
[65,"电话机","个",45,1,45]
[66,"电话机","个",129,1,129]
[67,"电话机","个",410,1,410]
[68,"电话机（步步高）","个",200,1,200]
[69,"电麻仪","个",170,8,1360]
[70,"电麻仪","个",190,3,570]
[71,"电脑椅","个",145,2,290]
[72,"电脑中频治疗仪","个",680,1,680]
[73,"电脑桌","个",660,1,660]
[74,"电脑桌（微机桌）","个",300,1,300]
[75,"电热水器(茶吧机）","个",300,3,900]
[76,"电水壶","把",169,2,338]
[77,"电水壶","把",189,6,1134]
[78,"电水壶","把",230,1,230]
[79,"电水壶","个",150,1,150]
[80,"电针仪","个",190,3,570]
[81,"电子秤","个",130,1,130]
[82,"电子体温计","个",380,1,380]
[83,"电子血压计","个",360,1,360]
[84,"电子血压计","个",700,1,700]
[85,"电子血压计","个",785,11,8635]
[86,"电子血压计","个",825,7,5775]
[87,"电子婴儿秤","个",680,1,680]
[88,"垫子","个",90,36,3240]
[89,"订书机","个",80,1,80]
[90,"额温枪","个",300,1,300]
[91,"二抽桌","个",150,4,600]
[92,"方茶几","个",120,1,120]
[93,"方凳","个",35,39,1365]
[94,"方凳","个",45,116,5220]
[95,"方凳","个",48,7,336]
[96,"方凳 ","个",45,1,45]
[97,"方盘","个",30,1,30]
[98,"防辐射裙","个",1220,1,1220]
[99,"防褥疮气垫","个",578,2,1156]
[100,"防褥疮气垫","个",700,1,700]
[101,"防水罩袍","个",80,4,320]
[102,"非接触式电子体温计","个",210,2,420]
[103,"非接触式电子体温计","个",320,3,960]
[104,"非接触式电子体温计","个",380,2,760]
[105,"分离剪","个",20,1,20]
[106,"粉碎机","台",192.13,1,192.13]
[107,"粉碎机","台",198,1,198]
[108,"服药车","辆",1400,2,2800]
[109,"负压吸引器","台",140,19,2660]
[110,"负压吸引器","台",142,2,284]
[111,"负压吸引器","台",144,10,1440]
[112,"负压吸引器","台",160,3,480]
[113,"负压新引器","台",140,1,140]
[114,"高脚梯","个",200,3,600]
[115,"更衣厨","个",435,1,435]
[116,"更衣橱","个",435,7,3045]
[117,"宫颈钳","个",75,1,75]
[118,"供养系统用流量计","个",112,1,112]
[119,"供氧器","个",650,2,1300]
[120,"供氧系统氧气吸入器","台",100,6,600]
[121,"供氧系统用流量计","个",100.8,33,3326.4]
[122,"供氧系统用流量计","个",109.8,4,439.2]
[123,"供氧系统用流量计","个",112,6,672]
[124,"挂衣架","个",400,2,800]
[125,"恒温水箱","个",630,1,630]
[126,"红外电子体温计","个",210,67,14070]
[127,"红外额温计","个",210,7,1470]
[128,"红外体温计","个",210,1,210]
[129,"候诊椅","组",288,2,576]
[130,"候诊椅（三人座）","组",1000,1,1000]
[131,"候诊椅（三座）","组",1000,1,1000]
[132,"候诊椅（四座）","组",1200,1,1200]
[133,"护理车","辆",1150,1,1150]
[134,"话筒","个",360,4,1440]
[135,"换药盒","个",60,3,180]
[136,"会议椅","个",60,2,120]
[137,"会议椅","个",100,1,100]
[138,"会议椅","个",130,2,260]
[139,"会议椅","个",150,2,300]
[140,"会议椅","个",200,1,200]
[141,"会议椅","个",400,39,15600]
[142,"会议椅","个",460,3,1380]
[143,"会议桌","个",200,14,2800]
[144,"急救箱","个",45,3,135]
[145,"计算器","个",32,1,32]
[146,"计算器 ","个",32,1,32]
[147,"简易呼吸器","个",680,4,2720]
[148,"旧布沙发","个",180,1,180]
[149,"刻录机","个",180,1,180]
[150,"扩音器","个",513,2,1026]
[151,"老式电脑桌（微机桌）","个",200,1,200]
[152,"连衣鞋架","个",65,1,65]
[153,"联邦椅","把",560,1,560]
[154,"联邦椅（沙发单人）","把",800,2,1600]
[155,"脸盆架","个",50,1,50]
[156,"疗养车","辆",960,3,2880]
[157,"卵圆钳","个",62.5,1,62.5]
[158,"麻醉咽喉镜","个",581.4,2,1162.8]
[159,"麻醉咽喉镜","个",646,2,1292]
[160,"脉搏血氧仪","个",130,15,1950]
[161,"木橱","个",400,13,5200]
[162,"木凳","个",45,1,45]
[163,"木排椅","把",200,3,600]
[164,"木皮椅","把",150,3,450]
[165,"木箱","个",110,1,110]
[166,"木椅","把",40,23,920]
[167,"木椅","把",115,10,1150]
[168,"木椅","把",125,5,625]
[169,"木椅","把",135,1,135]
[170,"木椅","把",145,2,290]
[171,"木椅","把",560,3,1680]
[172,"木椅(会议椅）","把",120,1,120]
[173,"木桌","个",300,1,300]
[174,"暖瓶","个",30,3,90]
[175,"排椅","把",80,2,160]
[176,"陪护床","张",180,6,1080]
[177,"陪护椅","张",480,2,960]
[178,"陪护椅","张",590,24,14160]
[179,"陪护椅","张",600,7,4200]
[180,"喷雾机","把",250,1,250]
[181,"皮椅","把",100,4,400]
[182,"屏风","个",50,2,100]
[183,"屏风","个",200,1,200]
[184,"屏风","个",600,5,3000]
[185,"屏风","个",680,1,680]
[186,"屏风","个",840,2,1680]
[187,"屏风","个",880,8,7040]
[188,"气垫床","张",1500,7,10500]
[189,"器械车","辆",600,1,600]
[190,"器械台","个",600,1,600]
[191,"铅帽","个",340,3,1020]
[192,"铅围脖","个",340,3,1020]
[193,"抢救车（内分泌科分诊）","辆",1200,1,1200]
[194,"人体秤","个",270,2,540]
[195,"人体秤","个",380,1,380]
[196,"容声冰箱","个",590,1,590]
[197,"三抽桌","个",50,1,50]
[198,"三抽桌","个",100,1,100]
[199,"三抽桌","个",150,12,1800]
[200,"三脚架","个",200,9,1800]
[201,"三用枪","个",110,1,110]
[202,"沙发（单人）","个",600,2,1200]
[203,"摄像头","台",590,6,3540]
[204,"摄像头","台",612,57,34884]
[205,"摄像头","台",854,1,854]
[206,"摄像头","台",1524,1,1524]
[207,"摄像头","台",1524.6,2,3049.2]
[208,"摄像头（闪光灯)","台",900,3,2700]
[209,"神灯","个",260,4,1040]
[210,"神灯","个",390,2,780]
[211,"湿化瓶","个",200,5,1000]
[212,"石英钟","个",50,12,600]
[213,"收音器","个",200,2,400]
[214,"手持PDA ","个",3000,2,6000]
[215,"手动轮椅车","台",947.52,1,947.52]
[216,"手动轮椅车","台",960,4,3840]
[217,"手术剪","个",67,36,2412]
[218,"手术无影灯","个",830,1,830]
[219,"手术圆凳","个",190,1,190]
[220,"输液架","个",200,8,1600]
[221,"输液椅","组",370,34,12580]
[222,"输液椅（4座）","组",1200,1,1200]
[223,"输液椅（三人座）","组",1000,12,12000]
[224,"双层铁床","张",200,5,1000]
[225,"双人沙发","组",1000,2,2000]
[226,"水壶","个",260,1,260]
[227,"送药车","辆",1920,1,1920]
[228,"碎纸机","个",700,1,700]
[229,"台灯","个",78,1,78]
[230,"特定电磁波治疗仪","台",260,15,3900]
[231,"特定电磁波治疗仪","台",390,1,390]
[232,"梯子","个",1188,3,3564]
[233,"体温表甩降器","个",500,1,500]
[234,"体温计甩降机","个",560,1,560]
[235,"体重秤","个",270,2,540]
[236,"条形桌","个",277,2,554]
[237,"铁床(带垫子）","张",800,1,800]
[238,"铁床（带有垫子）","张",100,1,100]
[239,"铁底架","个",2327.98,1,2327.98]
[240,"铁皮橱","个",670,1,670]
[241,"铁梯","个",120,1,120]
[242,"听诊器","个",22,4,88]
[243,"听诊器","个",35,2,70]
[244,"投信箱","个",200,1,200]
[245,"微波炉","个",680,2,1360]
[246,"微机椅","把",215,1,215]
[247,"微机椅","把",240,2,480]
[248,"微机椅","把",260,8,2080]
[249,"微机椅","把",264,13,3432]
[250,"微机椅（圆）","把",300,1,300]
[251,"微机桌","张",130,3,390]
[252,"微机桌","张",200,10,2000]
[253,"微机桌（不锈钢）","张",600,3,1800]
[254,"微机桌（小旧）","张",200,1,200]
[255,"围臀式铅衣裙","个",1222,3,3666]
[256,"物品橱","个",400,2,800]
[257,"雾化吸入器","个",580,1,580]
[258,"吸痰器","个",600,1,600]
[259,"吸引器","个",600,5,3000]
[260,"吸引器屏","个",200,3,600]
[261,"洗衣机","台",970,1,970]
[262,"鞋厨","个",650,22,14300]
[263,"鞋橱","个",650,4,2600]
[264,"鞋柜","个",282,1,282]
[265,"鞋架","个",120,1,120]
[266,"写字台","个",50,2,100]
[267,"写字台","个",200,5,1000]
[268,"写字台","个",360,1,360]
[269,"写字台（三抽桌）","个",300,2,600]
[270,"写字桌","个",200,2,400]
[271,"血糖仪","个",750,1,750]
[272,"血压计","个",77.8,2,155.6]
[273,"血压计","个",85,4,340]
[274,"巡回服","个",68,12,816]
[275,"咽喉镜","个",581.4,2,1162.8]
[276,"眼底镜","个",600,3,1800]
[277,"氧气表","个",260,9,2340]
[278,"氧气瓶","个",440,1,440]
[279,"氧气桶4L","个",300,3,900]
[280,"氧气吸入器","个",112,2,224]
[281,"氧气吸入器","个",140,55,7700]
[282,"液化气炉","个",150,1,150]
[283,"衣柜","组",360,10,3600]
[284,"衣架","个",160,1,160]
[285,"衣架","个",235,1,235]
[286,"医用红外体温计","个",95,8,760]
[287,"医用卫生桶","个",97,2,194]
[288,"医用卫生桶","个",115,11,1265]
[289,"医院红外体温计","个",150,1,150]
[290,"胰岛素泵","个",37810,6,226860]
[291,"移动硬盘","块",400,2,800]
[292,"椅子","把",50,2,100]
[293,"椅子","把",180,2,360]
[294,"椅子","把",190,2,380]
[295,"椅子（会议椅）","把",200,12,2400]
[296,"音箱","个",380,2,760]
[297,"饮水机","台",79,1,79]
[298,"饮水机","台",90,1,90]
[299,"饮水机","台",170,1,170]
[300,"饮水机","台",177.75,2,355.5]
[301,"饮水机","台",189,1,189]
[302,"饮水机","台",190,8,1520]
[303,"饮水机","台",195,23,4485]
[304,"饮水机","台",198,1,198]
[305,"饮水机","台",199,1,199]
[306,"饮水机","台",210,1,210]
[307,"饮水机","台",215,1,215]
[308,"饮水机","台",216,1,216]
[309,"饮水机","台",220,1,220]
[310,"婴儿车","辆",680,6,4080]
[311,"应急灯","个",185,1,185]
[312,"圆凳","个",40,12,480]
[313,"折叠木椅","把",160,1,160]
[314,"诊断床","张",187,1,187]
[315,"诊断床","张",290,3,870]
[316,"诊断桌","个",150,1,150]
[317,"止血钳","个",54.8,41,2246.7999999999997]
[318,"治疗车","辆",1660,8,13280]
[319,"治疗床","张",811.3,16,12980.8]
[320,"治疗盘","个",76.44,1,76.44]
[321,"转椅","把",110,1,110]
[322,"转椅","把",220,1,220]
[323,"转椅","把",280,3,840]
[324,"转椅","把",430,29,12470]
[325,"转椅","把",440,10,4400]
[326,"子宫刮匙","个",75,10,750]
[327,"子宫颈活检钳","把",950,5,4750]
[328,"紫外线消毒车","台",480,2,960]
[329,"紫外线消毒车","台",590,9,5310]
[330,"坐厕椅","把",320,1,320]
[331,"座垫","个",70,39,2730]
[null,"总计",null,null,1969,751930.17]

{"sheet":"Sheet2","index":1,"n_rows":0,"n_cols":0,"rows_kept":0,"flags":["formulas_cached_only"]}

{"sheet":"Sheet3","index":2,"n_rows":0,"n_cols":0,"rows_kept":0,"flags":["formulas_cached_only"]}